Die hundert besten Filme allerzeiten - Statistiken

Allgemein
  • Dieses Quiz wurde 121 mal gespielt
  • Das Durchschnittsergebnis liegt bei 12 aus 100
Antwortstatistiken
Platz Bewertung Film % Korrekt
2 9,2/10 Der Pate
56%
6 9/10 Der Pate 2
44%
1 9,3/10 Die Verurteilten
44%
11 8,8/10 Pulp Fiction
44%
12 8,8/10 Forrest Gump
42%
9 8,8/10 Inception
40%
15 8,7/10 Interstellar
38%
3 9/10 The Dark Knight
36%
5 9/10 Schindlers Liste
32%
10 8,8/10 Fight Club
28%
25 8,6/10 Star Wars: Episode IV - Eine neue Hoffnung
26%
19 8,7/10 Star Wars: Episode V - Das Imperium schlägt zurück
26%
54 8,5/10 Casablanca
25%
40 8,6/10 Django: Unchained
25%
83 8,3/10 Oppenheimer
24%
100 8,3/10 Star Wars: Episode VI - Die Rückkehr der Jedi-Ritter
24%
8 8,9/10 Der Herr der Ringe: Die Gefährten
23%
7 9/10 Der Herr der Ringe: Die Rückkehr des Königs
23%
14 8,8/10 Der Herr der Ringe: Die zwei Türme
23%
16 8,7/10 GoodFellas - Drei Jahrzehnte in der Mafia
23%
55 8,5/10 Spiel mir das Lied vom Tod
21%
61 8,4/10 Avengers: Endgame
20%
64 8,4/10 The Dark Knight Rises
20%
17 8,7/10 Matrix
18%
23 8,6/10 Das Schweigen der Lämmer
17%
4 9/10 Die zwölf Geschworenen
17%
22 8,6/10 Sieben
17%
66 8,4/10 Avengers: Infinity War
16%
78 8,4/10 Das Boot
16%
45 8,5/10 Alien: Das unheimliche Wesen aus einer Fremden Welt
15%
48 8,5/10 Der König der Löwen
15%
65 8,4/10 Shining
15%
24 8,6/10 The Green Mile
15%
39 8,5/10 Gladiator
14%
60 8,4/10 Memento
14%
49 8,5/10 Psycho
14%
28 8,6/10 Der Soldat James Ryan
13%
97 8,3/10 Reservoir Dogs - Wilde Hunde
13%
92 8,3/10 Scarface
13%
43 8,5/10 Zurück in die Zukunft
13%
59 8,4/10 Inglourious Basterds
12%
98 8,3/10 2001 - Odyssee im Weltraum
11%
35 8,5/10 Departed: Unter Feinden
11%
37 8,5/10 Parasite
11%
29 8,6/10 Terminator 2: Tag der Abrechnung
11%
13 8,8/10 Zwei glorreiche Halunken
11%
62 8,4/10 Apocalypse Now
10%
30 8,6/10 Chihiros Reise ins Zauberland
10%
91 8,3/10 American Beauty
9%
95 8,3/10 Es war einmal in Amerika
9%
84 8,3/10 Heat
9%
42 8,5/10 Die üblichen Verdächtigen
8%
38 8,5/10 Prestige - Die Meister der Magie
8%
50 8,5/10 Ziemlich beste Freunde
8%
94 8,3/10 Braveheart
7%
26 8,6/10 City of God
7%
27 8,6/10 Das Leben ist schön
7%
51 8,5/10 Der Pianist
7%
31 8,6/10 Die sieben Samurai
7%
18 8,7/10 Einer flog über das Kuckucksnest
7%
89 8,3/10 Joker
7%
44 8,5/10 Léon: Der Profi
7%
74 8,4/10 WALL·E - Der Letzte räumt die Erde auf
7%
72 8,4/10 Das Leben der Anderen
6%
36 8,5/10 Dune: Part Two
6%
53 8,5/10 Das Fenster zum Hof
5%
52 8,5/10 Die letzten Glühwürmchen
5%
32 8,6/10 Ist das Leben nicht schön?
5%
41 8,5/10 Whiplash
5%
56 8,5/10 Cinema Paradiso
4%
88 8,3/10 Good Will Hunting: Der gute Will Hunting
4%
85 8,3/10 Oldboy
4%
47 8,5/10 American History X
3%
67 8,4/10 Coco - Lebendiger als das Leben!
3%
82 8,4/10 Der große Diktator
3%
63 8,4/10 Jäger des verlorenen Schatzes
3%
86 8,3/10 Requiem for a Dream
3%
69 8,4/10 Your Name.
3%
68 8,4/10 Aliens: Die Rückkehr
2%
73 8,4/10 Amadeus
2%
33 8,6/10 Harakiri
2%
58 8,5/10 Lichter der Großstadt
2%
90 8,3/10 Vergiss mein nicht
2%
71 8,4/10 3 Idiots
1%
77 8,4/10 Boulevard der Dämmerung
1%
87 8,3/10 Die Frau die singt - Incendies
1%
93 8,3/10 Die Jagd
1%
57 8,5/10 Moderne Zeiten
1%
80 8,4/10 Wege zum Ruhm
1%
20 8,7/10 12th Fail
0%
75 8,4/10 Capernaum: Stadt der Hoffnung
0%
99 8,3/10 Geh und sieh
0%
21 8,7/10 Hababam Sinifi Sinifta Kaldi
0%
96 8,3/10 Hamilton
0%
34 8,6/10 Jai Bhim
0%
76 8,4/10 Maharaja
0%
46 8,5/10 Spider - Man: Across the Spider - Verse
0%
70 8,4/10 Spiderman: A New Universe
0%
81 8,4/10 Zeuge der Anklage
0%
79 8,4/10 Zwischen Himmel und Hölle
0%
Keine übereinstimmenden Quizze gefunden
Verteilung der Resultate
Anzahl Personen mit jedem Resultat
Perzentil nach korrekt beantworteten Fragen
Ihre Resultats-Entwicklung
Sie haben dieses Quiz noch nicht gespielt